000 00457nab a2200145Ia 4500
003 ES-SlBCS
005 20210601125248.0
008 140529s1985 xxu||||| |||| 00| 0 eng d
041 _aeng
100 1 _aSutton Morris, Phyllis
_9156103
245 0 0 _aSartre on the Transcendence of the Ego
_c Phyllis Sutton Morris
600 1 4 _aSartre-Ego
_9156104
773 0 _tPhilosophy and Phenomenological Research
_gvol. 46, 1985, págs. 179-198
_wRev1411
942 _cAR
999 _c527454
_d527454